000 00571nam a2200193Ia 4500
999 _c31696
_d31696
003 OSt
005 20200803101404.0
008 190216s9999||||xx |||||||||||||| ||und||
020 _a9788120318854
040 _coclc
082 _a515.353
_bFOL/I
100 _aFolland, Gerald B
_93895
245 0 _aIntroduction To Partial Differential Equations /
_cGerald B Folland
250 _a2nd Ed.
260 _bPrentice Hall India,
_c2001.
_aNew Delhi:
300 _a324p
650 _aMathematics
942 _cBK
_2ddc
_h515.353
_iFOL/I
_k515.353
_mFOL/I